书目信息 |
| 题名: |
影像与时间
|
|
| 作者: | 周冬莹 著 | |
| 分册: | ||
| 出版信息: | 北京 中国电影出版社 2012.07 |
|
| 页数: | 232页 | |
| 开本: | 21cm | |
| 丛书名: | ||
| 单 册: | ||
| 中图分类: | B016.9 , B565.59 | |
| 科图分类: | ||
| 主题词: | 德勒兹(1925~1995)--哲学思想--研究 , 实践哲学--研究 | |
| 电子资源: | ||
| ISBN: | 978-7-106-03492-4 | |
| 000 | 01107nam0 2200265 45 | |
| 001 | 1360522577 | |
| 005 | 20130531093900.85 | |
| 010 | @a978-7-106-03492-4@dCNY24.00 | |
| 100 | @a20130513d2012 ekmy0chiy0120 ea | |
| 101 | 0 | @achi |
| 102 | @aCN@b110000 | |
| 105 | @ay z 000yy | |
| 106 | @ar | |
| 200 | 1 | @a影像与时间@AYing Xiang Yu Shi Jian@e德勒兹的影像理论与柏格森尼采的时间哲学@EDe Le Zi De Ying Xiang Li Lun Yu Bai Ge Sen Ni Cai De Shi Jian Zhe Xue@f周冬莹著@FZhou Dong Ying Zhu |
| 210 | @a北京@c中国电影出版社@d2012.07 | |
| 215 | @a232页@d21cm | |
| 330 | @a本书主要根据法国后现代哲学家吉尔·德勒兹的两本电影著作《运动·影像》和《时间-影像》,详细分析柏格森和尼采的时间哲学,对德勒兹影像理论的重要性以及探讨影像与时间的关系。 | |
| 517 | 1 | @a德勒兹的影像理论与柏格森尼采的时间哲学@ADe Le Zi De Ying Xiang Li Lun Yu Bai Ge Sen Ni Cai De Shi Jian Zhe Xue |
| 606 | 0 | @a德勒兹(1925~1995)@x哲学思想@x研究 |
| 606 | 0 | @a实践哲学@x研究 |
| 690 | @aB016.9@v5 | |
| 690 | @aB565.59@v5 | |
| 701 | 0 | @a周冬莹@AZhou Dong Ying@4著 |
| 801 | @aCN@bTANGWEI@c20130522 | |
| 905 | @b0834637-38@dB016.9@e259@f2 | |
| 影像与时间:德勒兹的影像理论与柏格森尼采的时间哲学/周冬莹著.-北京:中国电影出版社,2012.07 |
| 232页;21cm |
| ISBN 978-7-106-03492-4:CNY24.00 |
| 本书主要根据法国后现代哲学家吉尔·德勒兹的两本电影著作《运动·影像》和《时间-影像》,详细分析柏格森和尼采的时间哲学,对德勒兹影像理论的重要性以及探讨影像与时间的关系。 |
| ● |
| 相关链接 |
|
|
|
|
正题名:影像与时间
索取号:B016.9/259
 
预约/预借
| 序号 | 登录号 | 条形码 | 馆藏地/架位号 | 状态 | 备注 |
| 1 | 0834637 | 208346379 | 第一样本阅览室/ [索取号:B016.9/259] | 在馆 | |
| 2 | 0834638 | 208346388 | 第一借阅区/ [索取号:B016.9/259] | 在馆 |